000 00984nam a22002777a 4500
005 20091029110926.0
008 091029t xxu||||| |||| 00| 0 eng d
010 _aENG-95249
020 _a9780070159228
_c150.00
020 _a007015922X
_c150.00
035 _aEN-78782
037 _bDBAD/PUB
040 _aDPL
082 _a658.8700285
100 _aKhurana, Ajeet
245 _aInformation technology for retailing /
_cby Ajeet Khurana
260 _aNew Delhi
_bTata McGraw Hill Education
_c2010
270 _a7, West Patel Nagar
_bNew Delhi
_e110008
300 _axii, 140p.
_c24cm.(Pbk)
500 _aIncludes index
650 _aRetail trade
650 _aTechnological innovations
650 _aRetail trade
_xData processing
942 _2ddc
_cEN
_mKHU
_h658.8700285
999 _c31136
_d31136